Pokémon 1ère génération - Statistiques

Statistiques générales
  • Ce quiz a été pris 22 fois
  • Le résultat moyen est 84 sur 151
Statistiques - réponses
Pokémon Type de quiz % Correct
Carapuce Eau
100%
Salamèche Feu
100%
Tortank Eau
100%
Bulbizarre Plante et Poison
94%
Carabaffe Eau
94%
Dracaufeu Feu et Vol
94%
Florizarre Plante et Poison
94%
Mew Psy
94%
Papilusion Insecte et Vol
94%
Reptincel Feu
94%
Draco Dragon
88%
Herbizarre Plante et Poison
88%
Pikachu Électrik
88%
Raichu Électrik
88%
Roucarnage Normal et Vol
88%
Roucool Normal et Vol
88%
Roucoups Normal et Vol
88%
Coconfort Insecte et Poison
81%
Dracolosse Dragon et Vol
81%
Grolem Roche et Sol
81%
Léviator Eau et Vol
81%
Magmar Feu
81%
Mewtwo Psy
81%
Racaillou Roche et Sol
81%
Chenipan Insecte
75%
Ectoplasma Spectre et Poison
75%
Gravalanch Roche et Sol
75%
Minidraco Dragon
75%
Rondoudou Normal et Fée
75%
Spectrum Spectre et Poison
75%
Sulfura Feu et Vol
75%
Abra Psy
69%
Aquali Eau
69%
Artikodin Glace et Vol
69%
Aspicot Insecte et Poison
69%
Chrysacier Insecte
69%
Évoli Normal
69%
Fantominus Spectre et Poison
69%
Feunard Feu
69%
Kadabra Psy
69%
Magicarpe Eau
69%
Piafabec Normal et Vol
69%
Poissirène Eau
69%
Rapasdepic Normal et Vol
69%
Rattata Normal
69%
Rattatac Normal
69%
Voltali Électrik
69%
Abo Poison
63%
Alakazam Psy
63%
Dardargnan Insecte et Poison
63%
Goupix Feu
63%
Grodoudou Normal et Fée
63%
Machoc Combat
63%
Machopeur Combat
63%
Onix Roche et Sol
63%
Poissoroy Eau
63%
Pyroli Feu
63%
Tygnon Combat
63%
Voltorbe Électrik
63%
Arbok Poison
56%
Canarticho Normal et Vol
56%
Électrode Électrik
56%
Élektek Électrik
56%
Insécateur Insecte et Vol
56%
Kicklee Combat
56%
Lippoutou Glace et Psy
56%
Mackogneur Combat
56%
Mélofée Fée
56%
Nidoran♀ Poison
56%
Nidoran♂ Poison
56%
Nidorina Poison
56%
Nidorino Poison
56%
Ponyta Feu
56%
Rhinocorne Sol et Roche
56%
Ronflex Normal
56%
Arcanin Feu
50%
Dodrio Normal et Vol
50%
Doduo Normal et Vol
50%
Grotadmorv Poison
50%
Hypotrempe Eau
50%
Leveinard Normal
50%
Magnéti Électrik et Acier
50%
Magnéton Électrik et Acier
50%
Mélodelfe Fée
50%
Miaouss Normal
50%
Nidoking Poison et Sol
50%
Nidoqueen Poison et Sol
50%
Nosferapti Poison et Vol
50%
Ossatueur Sol
50%
Osselait Sol
50%
Sabelette Sol
50%
Stari Eau
50%
Tadmorv Poison
50%
Têtarte Eau
50%
Boustiflor Plante et Poison
44%
Caninos Feu
44%
Galopa Feu
44%
Mimitoss Insecte et Poison
44%
M. Mime Psy et Fée
44%
Mystherbe Plante et Poison
44%
Noadkoko Plante et Psy
44%
Nosferalto Poison et Vol
44%
Ortide Plante et Poison
44%
Persian Normal
44%
Ptéra Roche et Vol
44%
Rhinoféros Sol et Roche
44%
Sablaireau Sol
44%
Saquedeneu Plante
44%
Soporifik Psy
44%
Staross Eau et Psy
44%
Tartard Eau et Combat
44%
Taupiqueur Sol
44%
Tauros Normal
44%
Tentacool Eau et Poison
44%
Tentacruel Eau et Poison
44%
Akwakwak Eau
38%
Amonita Roche et Eau
38%
Chétiflor Plante et Poison
38%
Électhor Électrik et Vol
38%
Empiflor Plante et Poison
38%
Excelangue Normal
38%
Hypnomade Psy
38%
Lamantine Eau et Glace
38%
Lokhlass Eau et Glace
38%
Noeunoeuf Plante et Psy
38%
Otaria Eau
38%
Paras Insecte et Plante
38%
Psykokwak Eau
38%
Ptitard Eau
38%
Rafflesia Plante et Poison
38%
Smogo Poison
38%
Smogogo Poison
38%
Triopikeur Sol
38%
Aéromite Insecte et Poison
31%
Amonistar Roche et Eau
31%
Hypocéan Eau
31%
Kangourex Normal
31%
Parasect Insecte et Plante
31%
Colossinge Combat
25%
Crustabri Eau et Glace
25%
Férosinge Combat
25%
Flagadoss Eau et Psy
25%
Kabuto Roche et Eau
25%
Kabutops Roche et Eau
25%
Kokiyas Eau
25%
Krabboss Eau
25%
Krabby Eau
25%
Ramoloss Eau et Psy
25%
Scarabrute Insecte
25%
Métamorph Normal
19%
Porygon Normal
19%
Aucun quiz correspondant
Distribution des résultats
% des personnes avec chaque résultat
Percentile par nombre de réponses
Votre historique - résultats
Vous n’avez pas pris ce quiz